000 00449nam a2200169Ia 4500
008 230917s9999||||xx |||||||||||||| ||und||
020 _cRS295
040 _e245209
_aMAIN
041 _aEnglish
082 _a537 G341P
100 _aGhatak, Ajoy
245 0 _aProblems and solutions in electromagnetics
260 _aNew Delhi
_bViva Books
_c2015
300 _av. p.
500 _a3018 24/01/2018 RBP18/68929 09/02/2018 Main Budget
942 _cBK
999 _c25570
_d25570